| 000 | 00642nam a22001577a 4500 | ||
|---|---|---|---|
| 020 | _a9780819477606 | ||
| 082 | _a616.0754 | ||
| 100 | _aSonka, Milan | ||
| 245 | _aHandbook of Medical Imaging : Volume-2 Medical image processing and analysis (Part 1 of 2) | ||
| 260 |
_aUSA _bSPIE Press _c2009 |
||
| 300 |
_axxxi, 565 p. _bill. ; |
||
| 500 | _aIncludes bibliographical references and index. | ||
| 650 | _a1. Diagnostic imaging--Handbooks. 2. Health Physics--Handbooks. 3. Image processing, computer-assisted--Handbooks. 4. Psychophysics--Handbooks. 5 Technology, Radiologic--Handbooks. | ||
| 700 | _aFitzpatrick, J. Michael | ||
| 942 | _cBK | ||
| 999 |
_c12145 _d12145 |
||